00366pab a2200133 454500008004000000100001600040245007400056260000900130300001500139362000800154650002100162700002300183773002600206180718b2016 xxu||||| |||| 00| 0 eng d aPierre, Jon aExit and voice in local government reconsidered: a choice revolution? c2016 ap.738-753. aSep aLocal government aRoiseland, Asbjorn aPublic Administration